| 000 | 02017nam a22003497a 4500 | ||
|---|---|---|---|
| 001 | 42835 | ||
| 003 | gtgccic | ||
| 005 | 20251028155411.0 | ||
| 007 | ta | ||
| 008 | 251028b gt ||||| |||| 00| 0 spa d | ||
| 040 |
_agtgccic _bspa _cgtgccic _erda |
||
| 084 | _0TPI-15-0091 | ||
| 100 | 1 | 0 |
_aMaria Lizeth Benavides Lázaro _dLicenciada en Matemáticas _eautor |
| 245 | 1 | 0 |
_aModelo matemático de densidad poblacional de ceratitis capitata (Wiedemann) _by análisis de las consecuencias ambientales provocadas por el manejo de la plaga / _cBenavides Lázaro, Mariela Lizeth |
| 264 | 1 |
_aGutemala, Guatemala : _bUSAC, Facultad de Ingeniería ; _c2015.- |
|
| 300 |
_axxxviii, 124 p. : _bil. ; _c27 cm |
||
| 336 |
_2rdacontenido _aTexto _btxt |
||
| 337 |
_2rdamedio _asin mediación _bn |
||
| 338 |
_2rdasoporte _avolumen _bnc |
||
| 502 |
_aTesis Postgrado _bMAESTRA EN ENERGÍA Y AMBIENTE _cUSAC, Facultad de Ingeniería, Escuela de Postgrado _d2015 _oTPI-15-0091 |
||
| 504 | _aBibliografía pag. 103 | ||
| 505 | _t1. MARCO TEÓRICO | ||
| 505 | _t2. DESARROLLO DE LA INVESTIGACIÓN | ||
| 505 | _t3. PRESENTACIÓN DE RESULTADOS | ||
| 505 | _t4. DISCUSIÓN DE RESULTADOS | ||
| 520 | 3 | _aLa mosca del mediterráneo es una de las plagas agrícolas más destructivas del mundo. Según estudio del Departamento de Cultivos y Ciencias Agroambientalels, Universidad de Puerto Rico, el rango de hospederos se estima en más de 260 especies de flores, frutas y vegetales, además posee gran capacidad de reproducción, puede poner hasta 20 huevos diarios. Aunque las regulaciones a nivel mundial han variado, se continúa con la implementación de insecticidas por parte del agricultor. En muchos casos los pequeños productores no tienen una idea clara de las medidas de reacción al identificar la plaga, con lo que se continúa contaminando suelos, agua y dañando las plantaciones. | |
| 650 | _aPLAGAS | ||
| 650 | _aMODELOS MATEMÁTICOS | ||
| 650 | _aDENSIDAD DE POBLACIÓN | ||
| 942 |
_2ddc _cTPS |
||
| 945 | _aamlo | ||
| 999 |
_c2461 _d2461 |
||